Statistics for Warframe - All warframes by picture!

Click here to take the quiz!

General Stats

  • This quiz has been taken 32 times
  • The average score is 61 of 98

Answer Stats

Answer% Correct
Chroma
100%
Grendel
93%
Oberon
87%
Valkyr
80%
Equinox
73%
Excalibur
73%
Frost
73%
Frost Prime
73%
Limbo
73%
Wisp Prime
73%
Ash
67%
Ash Prime
67%
Atlas
67%
Atlas Prime
67%
Banshee
67%
Excalibur Prime
67%
Garuda
67%
Garuda Prime
67%
Gauss
67%
Inaros
67%
Ivara Prime
67%
Limbo Prime
67%
Mag
67%
Mag Prime
67%
Mirage
67%
Nekros
67%
Nezha
67%
Nezha Prime
67%
Nidus
67%
Octavia
67%
Rhino
67%
Rhino Prime
67%
Sevagoth
67%
Valkyr Prime
67%
Vauban
67%
Vauban Prime
67%
Volt
67%
Volt Prime
67%
Wisp
67%
Banshee Prime
60%
Baruuk
60%
Chroma Prime
60%
Dagath
60%
Ember
60%
Ember Prime
60%
Equinox Prime
60%
Gara
60%
Gara Prime
60%
Gauss Prime
60%
Harrow
60%
Harrow Prime
60%
Hildryn
60%
Hydroid
60%
Inaros Prime
60%
Ivara
60%
Khora
60%
Khora Prime
60%
Loki
60%
Loki Prime
60%
Mesa
60%
Mesa Prime
60%
Mirage Prime
60%
Nekros Prime
60%
Nidus Prime
60%
Nova
60%
Nova Prime
60%
Nyx
60%
Nyx Prime
60%
Oberon Prime
60%
Octavia Prime
60%
Protea
60%
Revenant
60%
Revenant Prime
60%
Saryn
60%
Saryn Prime
60%
Titania Prime
60%
Trinity Prime
60%
Wukong
60%
Wukong Prime
60%
Zephyr
60%
Zephyr Prime
60%
Baruuk Prime
53%
Caliban
53%
Citrine
53%
Dante
53%
Grendel Prime
53%
Hildryn Prime
53%
Hydroid Prime
53%
Lavos
53%
Styanax
53%
Titania
53%
Trinity
53%
Xaku
53%
Yareli
53%
Kullervo
47%
Qorvex
47%
Voruna
47%
Gyre
40%

Score Distribution

Percentile by Number Answered

Percent of People with Each Score

Your Score History

You have not taken this quiz